TELEPRACTICE IN SPEECH-LANGUAGE PATHOLOGY (Record no. 23660)

MARC details
000 -LEADER
fixed length control field 00462nam a22001697a 4500
003 - CONTROL NUMBER IDENTIFIER
control field SGT
020 ## - INTERNATIONAL STANDARD BOOK NUMBER
International Standard Book Number 9781597564793
082 ## - DEWEY DECIMAL CLASSIFICATION NUMBER
Classification number 616.85506
Item number T14H
100 ## - MAIN ENTRY--PERSONAL NAME
Personal name HOUSTON, K. TODD
245 ## - TITLE STATEMENT
Title TELEPRACTICE IN SPEECH-LANGUAGE PATHOLOGY
250 ## - EDITION STATEMENT
Edition statement 1ST
260 ## - PUBLICATION, DISTRIBUTION, ETC. (IMPRINT)
Place of publication, distribution, etc SAN DIEGO
Name of publisher, distributor, etc PLURAL PUB.
Year of Publication 2014
300 ## - PAGE DESCRIPTION
No. of Pages 370
650 ## - SUBJECT ADDED ENTRY--TOPICAL TERM
Topical term or geographic name as entry element AUDIOLOGY
653 ## - KEYWORDS--INDEX TERM
Keyword term TELEPRACTICE IN SPEECH-LANGUAGE PATHOLOGY
-- TELETHERAPY
-- ESUPERVISION AND EMENTORING
942 ## - ADDED ENTRY ELEMENTS (KOHA)
Source of classification or shelving scheme Dewey Decimal Classification
Koha item type Books
Holdings
Withdrawn status Lost status Source of classification or shelving scheme Damaged status Not for loan Collection code Home library Current library Shelving location Date acquired Vendor Name Cost, normal purchase price SGTU Bill Number Total Checkouts Full call number Accession No. (Barcode) Date last seen Bill Date Koha item type
    Dewey Decimal Classification   Not For Loan MEDICAL SGT Medical Library SGT Medical Library Reference Book 04/01/2023 ADWELL BOOK COMPNY 9093.00 SGTU 1781   616.85506 T14H FM13458 05/01/2023 01/12/2022 Books